LEADER 00733nam a2200217 i 4500 001 991004360336707536 005 20250108191901.0 008 250108s1972 fr er 001 0 fre d 040 $aBibl. Dip.le Aggr. Studi Umanistici - Sez. Filosofia$bita$cSocioculturale Scs 041 0 $afre 082 04$a193$223 100 1 $aKremer-Marietti, Angèle$0409199 245 12$aL'homme et ses labyrinthes :$bessai sur Friedrich Nietzsche /$cpar Angèle Kremer-Marietti 260 $aParis :$bUnion générale d'éditions,$c1972 300 $a314 p. ;$c18 cm 490 1 $a10/18 ;$v729 600 14$aNietzsche, Friedrich 830 0$a10/18 ;$v729 912 $a991004360336707536 996 $aHomme et ses labyrinthes$94306936 997 $aUNISALENTO LEADER 02051nas 2200553- 450 001 9910894219203321 005 20260218112742.0 035 $a(CKB)2670000000498771 035 $a(CONSER)--2013264043 035 $a(DE-599)ZDB2956106-1 035 $a(DE-599)2956106-1 035 $a(EXLCZ)992670000000498771 100 $a20091203a20109999 --- a 101 0 $aeng 181 $ctxt$2rdacontent 182 $cc$2rdamedia 183 $acr$2rdacarrier 200 00$aMeteorological technology international 210 1$aDorking, Surrey :$cUKIP Media & Events Ltd,$d2010- 215 $a1 online resource 300 $a"The international review of weather, climate, and hydrology technologies and services." 311 08$aPrint version: Meteorological technology international. 2042-7190 (DLC) 2013264043 (OCoLC)695654993 606 $aMeteorological instruments$vPeriodicals 606 $aImaging systems in meteorology$vPeriodicals 606 $aMeteorological satellites$vPeriodicals 606 $aMeteorological services$vPeriodicals 606 $aMeteorology$vPeriodicals 606 $aImaging systems in meteorology$2fast$3(OCoLC)fst00967635 606 $aMeteorological instruments$2fast$3(OCoLC)fst01018377 606 $aMeteorological satellites$2fast$3(OCoLC)fst01018398 606 $aMeteorological services$2fast$3(OCoLC)fst01018407 606 $aMeteorology$2fast$3(OCoLC)fst01018441 608 $aPeriodicals.$2fast 615 0$aMeteorological instruments 615 0$aImaging systems in meteorology 615 0$aMeteorological satellites 615 0$aMeteorological services 615 0$aMeteorology 615 7$aImaging systems in meteorology. 615 7$aMeteorological instruments. 615 7$aMeteorological satellites. 615 7$aMeteorological services. 615 7$aMeteorology. 676 $a551.505 906 $aJOURNAL 912 $a9910894219203321 920 $aexl_impl conversion 996 $aMeteorological technology international$94239258 997 $aUNINA